Number theory
שמור ב:
| מחבר ראשי: | |
|---|---|
| פורמט: | ספר |
| שפה: | אנגלית |
| יצא לאור: |
New, York, USA
Springer
2010
|
| סדרה: | Graduate Texts in Mathematics,
|
| נושאים: | |
| תגים: |
הוספת תג
אין תגיות, היה/י הראשונ/ה לתייג את הרשומה!
|
MARC
| LEADER | 00000cam a2200000 a 4500 | ||
|---|---|---|---|
| 001 | UCC8818 | ||
| 003 | CL-VaPUC | ||
| 005 | 20230712094024.0 | ||
| 008 | 190823e20100000us |||||||||||||||||eng|d | ||
| 020 | |a 9781441923905 v.1 | ||
| 020 | |a 9781441923882 v.2 | ||
| 040 | |c Pontificia Universidad Católica de Valparaíso | ||
| 082 | 0 | 4 | |a 512.7 COH 2010 |2 21 |
| 100 | 0 | |a Cohen, Henri |e author |9 311 | |
| 245 | 1 | 0 | |a Number theory |
| 260 | |a New, York, USA |b Springer |c 2010 | ||
| 300 | |a 2 volúmenes | ||
| 440 | |a Graduate Texts in Mathematics, |n 239-240 |9 860753 | ||
| 505 | |a v.1: tools and Diophantine equations v.2: analytic and modern tools | ||
| 583 | |a last modification |c 20190823 13:21:00 |k Rodrigo Vera | ||
| 650 | 0 | |a Teoría de números |9 265327 | |
| 942 | |c BK |2 ddc | ||
| 945 | |d 20190823 13:21:00 |a dcastane | ||
| 999 | |c 375068 |d 375066 | ||
| 952 | |0 0 |1 0 |3 erb |4 0 |6 512_700000000000000_COH_2010 |7 0 |8 A |9 493955 |a BIBMAT |b BIBMAT |d 2019-08-14 |e 1 |g 65702.00 |h v.1 |i 5559812 |o 512.7 COH 2010 |p 5559812 |r 2025-01-07 |v 65702.00 |w 2019-11-24 |y BK |z Catalogado en:20190823 |k MAT | ||
| 952 | |0 0 |1 0 |3 erb |4 0 |6 512_700000000000000_COH_2010 |7 0 |8 A |9 493956 |a BIBMAT |b BIBMAT |d 2019-08-14 |e 1 |g 65702.00 |h v.2 |i 5559820 |o 512.7 COH 2010 |p 5559820 |r 2025-01-07 |v 65702.00 |w 2019-11-24 |y BK |z Catalogado en:20190823 |k MAT | ||